• 首页
  • 本馆介绍
  • 公告通知
  • 最新文献
  • 馆藏检索
  • 电子资源
  • 读者导购
  • 参考咨询
  • 我的图书馆
  • 登录
  • 详细信息显示
  • 放入我的书架
  • 预约/预借图书
  • 作者相关作品
  • 分类相关作品
  • 丛书相关作品
  • 出版社相关作品

书目信息

  • 表格格式
  • 工作单格式
  • 卡片格式
题名:
城市地形图的持续更新方法
    
 
作者: 杨伯钢 , 张保钢 , 董明 编著
分册:  
出版信息: 北京   测绘出版社  2011.3
页数: 106页
开本: 24cm
丛书名: 测绘科技应用丛书
单 册:
中图分类: P285.2-39
科图分类:
主题词: 城市图--专用数据库--研究 , 城市图 , 专用数据库
电子资源:
ISBN: 978-7-5030-2250-0
000 01428nam0 2200325 45
001 515
005 20120604093311.90
010    @a978-7-5030-2250-0@dCNY25.00
100    @a20120328d2011 em y0chiy50 ea
101 0  @achi@eeng
102    @aCN@b110000
105    @ay z 000yy
106    @ar
200 1  @a城市地形图的持续更新方法@ACheng Shi Di Xing Tu De Chi Xu Geng Xin Fang Fa@dContinuous updating methods of urban topographic map@f杨伯钢,张保钢,董明编著@FYang Bo Gang, Zhang Bao Gang, Dong Ming Bian Zhu@zeng
210    @a北京@c测绘出版社@d2011.3
215    @a106页@d24cm
225 2  @a测绘科技应用丛书
300    @a武汉大学地理信息系统重点实验室开放研究基金项目 北京市青年科技骨干基金项目 中国测绘科学研究院地理空间信息工程国家测绘局重点实验室开放研究基金项目
330    @a本书试图从城市地形图数据库的建设环境及库体设计、建立、数据采集、更新、共享与可视化几个方面给出城市地形图数据库持续更新的完整解决方案,最后还探讨了多尺度城市地形图的一体化建库与更新。
461  0 @12001 @a测绘科技应用丛书
510 1  @aContinuous updating methods of urban topographic map@zeng
606 0  @a城市图@x专用数据库@x研究
606 0  @a城市图
606 0  @a专用数据库
690    @aP285.2-39@v4
701  0 @a杨伯钢@AYang Bo Gang@f(1960.7~)@4编著
701  0 @a张保钢@AZhang Bao Gang@f(1965~)@4编著
701  0 @a董明@ADong Ming@c(测绘)@4编著
801  0 @aCN@bTSTCL@c20120328
905    @b0814077-83@dP285.2-39@e191@f7
    
    城市地形图的持续更新方法=Continuous updating methods of urban topographic map/杨伯钢,张保钢,董明编著.-北京:测绘出版社,2011.3
    106页;24cm.-(测绘科技应用丛书)
    武汉大学地理信息系统重点实验室开放研究基金项目 北京市青年科技骨干基金项目 中国测绘科学研究院地理空间信息工程国家测绘局重点实验室开放研究基金项目
    
    ISBN 978-7-5030-2250-0:CNY25.00
    本书试图从城市地形图数据库的建设环境及库体设计、建立、数据采集、更新、共享与可视化几个方面给出城市地形图数据库持续更新的完整解决方案,最后还探讨了多尺度城市地形图的一体化建库与更新。
●
相关链接 在E读中查询图书 在五车中查询图书 在当当中查询图书 在豆瓣中查询图书


正题名:城市地形图的持续更新方法     索取号:P285.2-39/191         预约/预借

序号 登录号 条形码 馆藏地/架位号 状态 备注
1 0814077   208140778   第二样本阅览室/ [索取号:P285.2-39/191] 在馆    
2 0814078   208140787   第三借阅区/ [索取号:P285.2-39/191] 在馆    
3 0814079   208140796   第三借阅区/ [索取号:P285.2-39/191] 在馆    
4 0814080   208140803   第三借阅区/ [索取号:P285.2-39/191] 在馆    
5 0814081   208140812   第三借阅区/ [索取号:P285.2-39/191] 在馆    
6 0814082   208140821   第三借阅区/ [索取号:P285.2-39/191] 在馆    
7 0814083   208140830   第三借阅区/ [索取号:P285.2-39/191] 在馆    
唐山师范学院图书馆 欢迎您!
大连网信软件有限公司© 版权所有